Pensar el trabajo social: una introducción desde el construccionismo

Збережено в:
Бібліографічні деталі
Автор: Kisnerman, Natalio (Автор)
Формат: Книга
Мова:Іспанська
Опубліковано: Buenos Aires Lumen Humanitas 2005
Редагування:2a. ed
Предмети:
Теги: Додати тег
Немає тегів, Будьте першим, хто поставить тег для цього запису!

MARC

LEADER 00000nam a2200000 a 4500
001 UCH1745
003 CL-VaPUC
008 090514e20050000AG |||||||||||||||||spa|d
020 |a 9870004121 
082 0 4 |a 361.3  |b KIS  |2 21 
100 |a Kisnerman, Natalio  |e author  |9 536260 
245 1 0 |a Pensar el trabajo social: una introducción desde el construccionismo 
250 |a 2a. ed 
300 |a 262 p 
942 |c BK 
945 |d 20090514 00:00:00  |a rbrito 
260 |a Buenos Aires  |b Lumen Humanitas  |c 2005 
650 0 |a Trabajo social   |9 307856 
650 7 |a TRABAJDOR SOCIAL  |2 CL-VaPUC  |9 536261 
650 0 |a Asistentes sociales  |9 402315 
650 0 |a Servicio social  |9 307999 
583 |a last modification  |c 20090514 00:00:00  |k Rodrigo Vera 
999 |c 333660  |d 333658 
952 |0 0  |1 0  |4 0  |6 361_300000000000000_KIS_2005  |7 0  |8 R  |9 422214  |a BIBGIM  |b BIBGIM  |d 2019-11-22  |i 4549686  |l 1  |o 361.3 KIS 2005  |p 4549686  |r 2025-01-15  |s 2022-03-17  |w 2019-11-22  |y BK_R  |k SSL 
952 |0 0  |1 0  |4 0  |6 361_300000000000000_KIS_2005  |7 0  |8 R  |9 422215  |a BIBGIM  |b BIBGIM  |d 2019-11-22  |i 4549694  |o 361.3 KIS 2005  |p 4549694  |r 2025-01-15  |w 2019-11-22  |y BK_R  |k SSL